| 000 | 01068nac a22003497a 4500 | ||
|---|---|---|---|
| 001 | BR0809102 | ||
| 003 | BR-BrBNA | ||
| 005 | 20240105123704.0 | ||
| 008 | 230509b bl.|||m| |||| 00| 0 por d | ||
| 040 |
_aBR-BrBNA _bpor _cBiblioteca Nacional de Agricultura |
||
| 072 | _aF01; L02 | ||
| 090 | _a5212 BR0809102 | ||
| 100 | 1 | _aMendonça, F.C. | |
| 100 | 1 | _aRassini, J.B. | |
| 110 | 1 |
_aEMBRAPA Pecuária Sudeste, São Carlos, SP (Brasil) _93694 |
|
| 245 | 1 | _aTemperatura-base inferior e estacionalidade de produção de gramíneas forrageiras tropicais | |
| 260 | 3 |
_aSão Carlos, SP (Brasil): _c2006. |
|
| 300 | _a9 p. | ||
| 490 |
_aCircular Técnica - EMBRAPA Pecuária Sudeste (Brazil) _vno. 45 _xISSN 1981-2086 |
||
| 500 | _a13 ref. | ||
| 650 | _aBOVINO | ||
| 650 | _aPECUÁRIA | ||
| 650 | _aPASTAGEM | ||
| 650 | _aGRAMÍNEA FORRAGEIRA | ||
| 650 | _aALIMENTAÇÃO | ||
| 650 | _aSOLO | ||
| 650 | _aCLIMA | ||
| 650 | _aMEIO AMBIENTE | ||
| 650 | _aPRODUÇÃO ANIMAL | ||
| 909 |
_a202312 _bLúcia Elande _c55 _dLúcia Elande |
||
| 942 |
_2AGRIS _n0 _cMS |
||
| 999 |
_c296557 _d296557 |
||